00345nam a22000737a 4500008004100000082001500041245014700056260006800203150828b xxu||||| |||| 00| 0 eng d a378.16 HUM aGUIDELINES FOR THE FUTURE HUMAN - and anti human - VALUES IN CHILDREN'S BOOKSbA CONTENT RATING INSTRUMENT FOR EDUCATORS AND CONCERNED PARENTS aNEW YORKbCOUNCIL ON INTERRACIAL BOOKS FOR CHILDREN, INC.c1976